| 000 | 01130nam a22002655i 4500 | ||
|---|---|---|---|
| 001 | 162186 | ||
| 003 | ES-MaACL | ||
| 005 | 20250814080103.0 | ||
| 008 | 960913s1880 sp f |||| | spa d | ||
| 080 | _a738 | ||
| 100 | 1 |
_aPiñón, Manuel. _9131201 |
|
| 245 | 1 | 0 |
_aManual de cerámica. _nI, _pMateriales de construcción : _bladrillos, baldosas, tejas, tubos, adornos de barro y azulejos / _cpor D. Manuel Piñón. |
| 260 |
_aMadrid : _b[s.n.], _c1880 ( _fTip. de G. Estrada) |
||
| 300 |
_a1 v. (232 p., [1] h. pleg. de lám.) ; _c17 cm. |
||
| 490 | 1 | _aBiblioteca enciclopédica popular ilustrada. Sección 1ª. Artes y oficios | |
| 530 | _aDisponible en formato digital. | ||
| 596 | _aMarca tip. en port. "Estrada" | ||
| 599 | _aLám: "Lit. Donon Madrid" | ||
| 650 | 4 |
_aCerámica. _9135756 |
|
| 700 | 1 |
_aEstrada, Gregorio. _9126979 |
|
| 830 | 1 | 0 |
_aBiblioteca enciclopédica popular ilustrada. _pArtes y oficios _9187687 |
| 852 |
_aES-MaACL _jF-13649 _z- Enc. hol. |
||
| 856 |
_uhttps://bibliotecadigital.jcyl.es/es/consulta/registro.do?id=22690 _zBiblioteca Digital de Castilla y León |
||
| 999 |
_c162186 _d162186 |
||